书目信息 |
| 题名: |
阿富汗战争的悲剧
|
|
| 作者: | 利亚霍夫斯基 著 ;刘宪平 译 | |
| 分册: | ||
| 出版信息: | 北京 社会科学文献出版社 2004 |
|
| 页数: | 516页 | |
| 开本: | 21cm | |
| 丛书名: | 纪实史学丛书 | |
| 单 册: | ||
| 中图分类: | K372.6 | |
| 科图分类: | ||
| 主题词: | 阿富汗抗苏战争--研究 | |
| 电子资源: | ||
| ISBN: | 7-80190-141-X | |
| 000 | 00984nam0 2200277 450 | |
| 001 | TS2006000053 | |
| 005 | 20061205145425.60 | |
| 010 | @a7-80190-141-X@dCNY39.00 | |
| 092 | @aCN@bTS01-000061 | |
| 100 | @a20060829d2004 em y0chiy0110 ea | |
| 101 | 1 | @achi@crus |
| 102 | @aCN@b110000 | |
| 105 | @aa z 000yy | |
| 200 | 1 | @a阿富汗战争的悲剧@Aa fu han zhan zheng de bei ju@f(俄)A.利亚霍夫斯基著@g刘宪平译 |
| 210 | @a北京@c社会科学文献出版社@d2004 | |
| 215 | @a516页@c照片@d21cm | |
| 225 | 2 | @a纪实史学丛书 |
| 305 | @a据莫斯科“恒古”出版社1995年版译出 | |
| 330 | @a本书以战争亲历者的角度对阿富汗抗苏、“使苏联蒙受了巨大的精神和物质损失”的战争进行研究,阐述了阿抗苏的历史、“阿富汗的‘圣战者’、苏联撤军以后的阿富汗“等。 | |
| 410 | 0 | @12001 @a纪实史学丛书 |
| 606 | 0 | @a阿富汗抗苏战争@x研究 |
| 690 | @aK372.6@v4 | |
| 701 | 1 | @a利亚霍夫斯基@Ali ya huo fu si ji@4著 |
| 702 | 0 | @a刘宪平@Aliu xian ping@4译 |
| 801 | 0 | @aCN@b中图数据@c20061205 |
| 905 | @a10447@dK372.6@e2 | |
| 阿富汗战争的悲剧/(俄)A.利亚霍夫斯基著/刘宪平译.-北京:社会科学文献出版社,2004 |
| 516页:照片;21cm.-(纪实史学丛书) |
| ISBN 7-80190-141-X:CNY39.00 |
| 本书以战争亲历者的角度对阿富汗抗苏、“使苏联蒙受了巨大的精神和物质损失”的战争进行研究,阐述了阿抗苏的历史、“阿富汗的‘圣战者’、苏联撤军以后的阿富汗“等。 |
| ● |
| 相关链接 |
|
|
|
|
正题名:阿富汗战争的悲剧
索取号:K372.6/2
 
预约/预借
| 序号 | 登录号 | 条形码 | 馆藏地/架位号 | 状态 | 备注 |
| 1 | 0616588 | 206165889 | 第二样本阅览室/ [索取号:K372.6/2] | 在馆 | |
| 2 | 0616589 | 206165898 | 第二借阅区/ [索取号:K372.6/2] | 在馆 | |
| 3 | 0616590 | 206165905 | 第二借阅区/ [索取号:K372.6/2] | 在馆 | |
| 4 | 0616591 | 206165914 | 第二借阅区/ [索取号:K372.6/2] | 在馆 | |
| 5 | 0616592 | 206165923 | 第二借阅区/ [索取号:K372.6/2] | 在馆 |